000 00285nam a2200121Ia 4500
008 240624s9999 xx 000 0 und d
041 _aeng
082 _a658.4012 LAM
100 _aLAMPEL JOSEPH
245 _aSTRATEGY PROCESS
260 _c2003
_aNew Delhi
_bPearson
365 _cBPS
_b28
999 _c27822
_d27822